Statistics for Retired hurricane names (Atlantic)

Click here to take the quiz!

General Stats

  • This quiz has been taken 3 times
  • The average score is 31 of 89

Answer Stats

Location most hit Category Minimal pression Year Starts with... Answer % Correct
USA (New England, New York, Virginia), BahamasCat 3960 Mb1954C...Carol
100%
USA ( Puerto Rico, Florida, Alabama), Cuba, HispanolaCat 4943 Mb1979F...Frederic
100%
USA (New York, New Jersey), Haiti, CubaCat 3940 Mb2012S...Sandy
100%
USA (N. Carolina to Vermont), Dominican republic, HaitiCat 3942 Mb2011I...Irene
100%
Guatemala, El Salvador, Mexico (Yucatan, Veracruz)Cat 1979 Mb2005S...Stan
100%
USA (Louisianne, Mississipi, Florida)Cat 5902 Mb2005K...Katrina
100%
Guatemala, Mexico (Yucatan, Campeche, Tabasco), USA (Georgia, Alabama, Florida)Cat 4916 Mb1995O...Opal
100%
USA (Florida, Louisianne, Alabama), BahamasCat 5922 Mb1992A...Andrew
100%
USA (Carolinas, Virginia, Pennsylvania)Cat 3946 Mb1996F...Fran
100%
USA (New England, Virginia, Maryland, Pennsylvania, New Jersey)Cat 3969 Mb1955D...Diane
100%
USA (Texas, Mississipi, Florida)Cat 5895 Mb2005R...Rita
50%
Mexico (Yucatan, Campeche, Veracruz)Cat 3956 Mb1995R...Roxanne
50%
Costa Rica, Nicaragua, Colombia, SalvadorCat 4946 Mb1996C...Cesar
50%
Haiti, USA (Carolinas, Virginia, Pennsylvanie), Canada (Ontario with Toronto)Cat 4937 Mb1954H...Hazel
50%
Honduras, Nicaragua, Mexico (Yucatan)Cat 5905 Mb1998M...Mitch
50%
USA (N. Carolina, Pennsylvanie, New Jersey), BahamasCat 4921 Mb1999F...Floyd
50%
All South-East USA (Too much to say, sorry)Tropical Storm1000 Mb2001A...Allison
50%
Belize, Guatemala, Dominican republicCat 4948 Mb2001I...Iris
50%
Cuba, Honduras, Nicaragua, BahamasCat 4933 Mb2001M...Michelle
50%
Mexico (Yucatan), USA (Mississipi, Ohio), GuatemalaCat 3934 Mb2002I...Isidore
50%
USA (Virginia, Maryland, N. Carolina), Bahamas, Lesser AntillesCat 5915 Mb2003I...Isabel
50%
Haiti, Cuba, USA (Florida, Georgia, Alabama)Cat 4930 Mb2005D...Dennis
50%
USA (N. Carolina, Virginia), Canada (Newfoundland), Leewards IslandsCat 4938 Mb1955I...Ione
50%
USA (Florida), Honduras, NicaraguaCat 5919 Mb2018M...Michael
50%
France (St Martin, Guadeloupe), Antigua and Barbuda, Dominica, Canada (Newfoundland)Cat 4935 Mb1995L...Luis
50%
USA (Florida), Haiti, Mexico (Yucatan), CubaCat 5882 Mb2005W...Wilma
50%
Mexico, Haiti, Dominican republic, JamaicaCat 5905 Mb2007D...Dean
50%
UK (Cayman Island), Jamaica, CubaCat 4944 Mb2008P...Paloma
50%
Canada (Newfoundland), Bermuda, France (St Pierre et Miquelon)Cat 4925 Mb2010I...Igor
50%
USA ( Massachusetts, N. Carolina, Maine ), Canada (Atlantic Canada)Cat 3954 Mb1954E...Edna
50%
Dominica, Haiti, USA (Puerto Rico)Tropical storm1003 Mb2015E...Erika
50%
Costa Rica, Panama, NicaraguaCat 3975 Mb2016O...Otto
50%
USA (Texas, Louisianna, Missouri)Cat 4938 Mb2017H...Harvey
50%
USA (Florida), France and Netherlands (st Martin and st Barthelemy), CubaCat 5914 Mb2017I...Irma
50%
Dominica, Dominican republic, USA (Porto Rico)Cat 5908 Mb2017M...Maria
50%
Costa Rica, Nicaragua, USACat 1981 Mb2017N...Nate
50%
USA (Carolinas, Virginia)Cat 4939 Mb2018F...Florence
50%
Mexico (Yucatan, Quintana Roo, Tamaulipas), Grenadines, BarbadosCat 5914 Mb1955J...Janet
50%
France (Guadeloupe, St Martin, Martinique), Colombia, USA (Porto Rico)Cat 4933 Mb1999L...Lenny
50%
Belize, Honduras, Mexico (Chiapas)Cat 4947 Mb1978G...Greta
50%
USA (Lousianne, Alabama, Mississipi), Cuba, Mexico (Yucatan)Cat 4941 Mb1964H...Hilda
50%
Northeastern Mexico (Tamaulipas mostly)Cat 5926 Mb1977A...Anita
50%
Dominican republic, Dominica, USA (Florida, Georgia, S. Carolina)Cat 5924 Mb1979D...David
50%
Greater and Lesser Antilles, East coast of USA (Florida, Porto Rico, Georgia)Cat 4930 Mb1960D...Donna
50%
USA (Long Island, Connecticut, Virginia), Canada (Newfoundland, Quebec)Cat 4919 Mb1985G...Gloria
50%
USA (Florida, Georgia, Virginia), Bahamas, Canada (Newfoundland)Cat 4942 Mb1964D...Dora
50%
Honduras, Guatemala, BelizeCat 2971 Mb1974F...Fifi
50%
Mexico (Veracruz, Hidalgo, Puebla), Belize, HondurasCat 2980 Mb1990D...Diana
50%
USA (Connecticut, Massachusetts, Maine), Canada (Nova Scotia, Newfoundland and Labradors)Cat 3950 Mb1991B...Bob
50%
USA (Carolinas, Puuerto Rico, Virgin Islands), France (Guadeloupe, St Martin), Netherlands (St Maartin), MontserratCat 5918 Mb1989H...Hugo
50%
France (Martinique), Barbados, DominicaCat 1985 Mb1990K...Klaus
50%
Haiti, Cuba, Dominican republicCat 4940 Mb1963F...Flora
50%
Haiti, St Lucia, Netherlands (CuraƧao)Cat 2982 Mb2010T...Tomas
0%
Dominican republic, Haiti, USA (Porto Rico)Cat 1980 Mb2007N...Noel
0%
Haiti, USA (Louisianne, Mississipi, Alabama), CubaCat 4941 Mb2008G...Gustav
0%
USA (Florida,Texas, Louisianne), Haiti, CubaCat 4935 Mb2008I...Ike
0%
USA (Pennsylvania, New York, Maryland), Canada (Quebec, Ontario), CubaCat 1977 Mb1972A...Agnes
0%
USA (Texas, Florida), CubaCat 3945 Mb1970C...Celia
0%
Haiti, French West Indies, Dominican republicCat 4950 Mb1964C...Cleo
0%
Leewards Islands, Bahamas, USA (N. Carolina to New York and New England)Cat 4936 Mb1955C...Connie
0%
USA (Lousianne, Mississipi, Alabama), Cuba, Mexico (Yucatan)Cat 5905 Mb1969C...Camille
0%
Mexico (Hidalgo, Puebla, Veracruz)Cat 1980 Mb2013I...Ingrid
0%
Mexico (Yucatan, Tampico, Veracruz), USA (Texas), Greater AntillesCat 5923 Mb1967B...Beulah
0%
Nicaragua, Honduras, VenezuelaCat 5929 Mb2007F...Felix
0%
Haiti, USA (Florida, N. Carolina), Dominican republicCat 5934 Mb2016M...Matthew
0%
Haiti, Mexico (Yucatan), Lesser AntillesCat 4929 Mb1966I...Inez
0%
USA (Louisianne, Florida, Mississipi), Bahamas, Lesser AntillesCat 4941 Mb1965B...Betsy
0%
Bahamas, CubaCat 4931 Mb2015J...Joaquin
0%
USA ( Southeastern USA, Midwester USA), Canada (Quebec, Ontario)Cat 3946 Mb1957A...Audrey
0%
Mexico (Yucatan), Jamaica, USA (Louisianne, Texas)Cat 4928 Mb1974C...Carmen
0%
USA (Texas, Kansas)Cat 3963 Mb1983A...Alicia
0%
USA (Puerto Rico), Dominican republic, Lesser AntillesCat 4935 Mb1996H...Hortense
0%
Dominican republic, Haiti, USA (Porto Rico, Louisianne, Alabama)Cat 4937 Mb1998G...Georges
0%
Nicaragua, Costa Rica, ColombiaCat 4932 Mb1988J...Joan
0%
Mexico (Yucatan, Nuevo Leon, Tamaulipas), Jamaica, Haiti, GuatemalaCat 5888 Mb1988G...Gilbert
0%
Belize, Guatemala, HondurasCat 5920 Mb1961H...Hattie
0%
Mexico (Tamaulipas, Nuevo Leon, Sonora), Belize, NicaraguaCat 4939 Mb2000K...Keith
0%
USA (Florida, Alabama, Mississipi), CubaCat 3953 Mb1985E...Elena
0%
USA (Texas, Louisianne), Haiti, St Lucia, JamaicaCat 5899 Mb1980A...Allen
0%
USA (Puerto Rico, Florida, Pennsylvania), Haiti, Dominican republicCat 3955 Mb1975E...Eloise
0%
USA (Porto Rico, Louisianna, Mississipi), St Lucia, JamaicaCat 4938 Mb2002L...Lili
0%
Leeward Islands, Bermuda, Eastern CanadaCat 4939 Mb2003F...Fabian
0%
Canada (Nova Scotia, Prince Edward Island)Cat 2969 Mb2003J...Juan
0%
USA (Florida to Massachusetts), Cuba, JamaicaCat 4941 Mb2004C...Charley
0%
USA (Florida, Georgia, Ohio), BahamasCat 3935 Mb2004F...Frances
0%
Grenada, Jamaica, USA (Florida, Georgia, Pennsylvania)Cat 5910 Mb2004I...Ivan
0%
Haiti, Dominican republic, USA (Porto Rico, Florida, S. Carolina)Cat 3951 Mb2004J...Jeanne
0%
USA (Virgin Islands, Puerto Rico), Antigua and Barbuda, France (Martinique, Guadeloupe)Cat 3949 Mb1995M...Marilyn
0%
USA (Texas, Louisianne, Oklahoma), Mexico (Yucatan), CubaCat 5931 Mb1961C...Carla
0%

Score Distribution

Percentile by Number Answered

Percent of People with Each Score

Your Score History

You have not taken this quiz